000 00466nam a22001577a 4500
003 macl
005 20240107114227.0
008 240107b |||||||| |||| 00| 0 eng d
040 _cmacl
082 _a100
100 _aओशो
245 _a बुद्ध की देशना जागो और जिओ
260 _aहरियाणा
_bहिन्‍द पॉकेट बुक्‍स
_c2006
650 _aदर्शन
942 _2ddc
_cHIN
999 _c66611
_d66611